[Event "ENCI Limburg-open B"]
[Site "Maastricht"]
[Date "2011.06.10"]
[Round "1"]
[White "Broekmeulen, Joris"]
[Black "Vaneylen, Urbain"]
[Result "0-1"]
[WhiteElo "1882"]
[BlackElo "1720"]
[PlyCount "112"]
[EventDate "2011.06.10"]
[EventType "swiss"]
[EventRounds "7"]
[EventCountry "NED"]
[Source "P.Boonen"]
[SourceDate "2012.01.01"]

1. e4 e6 2. d3 d5 3. Nd2 Nf6 4. Ngf3 Bc5 5. c3 dxe4 6. Nxe4 Nxe4 7. Qa4+ Bd7 8.
Qxe4 Bc6 9. Qg4 Qf6 10. d4 Bxf3 11. gxf3 Bd6 12. Bd3 g6 13. Bg5 Qg7 14. Qh4 Nd7
15. O-O-O h6 16. Be3 Qf6 17. Qe4 O-O-O 18. Be2 Nb6 19. c4 Be7 20. Qc2 Qf5 21.
Qb3 Qa5 22. c5 Nd5 23. Bd2 Bg5 24. Be3 c6 25. h4 Be7 26. a3 h5 27. Rd3 Rd7 28.
Qc4 Qd8 29. b4 Rc7 30. Rb3 Bxh4 31. b5 Bf6 32. Qa4 Nxe3 33. fxe3 Qd5 34. b6
axb6 35. cxb6 Re7 36. Qa8+ Kd7 37. Qxb7+ Kd6 38. Qxe7+ Kxe7 39. Kc2 Rb8 40. a4
Qa5 41. Ra1 c5 42. Rb5 Qa6 43. a5 cxd4 44. exd4 Bxd4 45. Rab1 Qc8+ 46. Kd1 Qd8
47. Ke1 Bc3+ 48. Kf1 Bxa5 49. Rxa5 Rxb6 50. Ra7+ Kf6 51. Rd1 Qb8 52. Rdd7 Qh2
53. Rxf7+ Kg5 54. f4+ Kh4 55. Rad7 Rb1+ 56. Bd1 Rb2 0-1

[Event "ENCI Limburg-open B"]
[Site "Maastricht"]
[Date "2011.06.10"]
[Round "1"]
[White "Cornelius, Jorg"]
[Black "Karstens, Lex"]
[Result "1/2-1/2"]
[WhiteElo "2031"]
[BlackElo "1861"]
[PlyCount "144"]
[EventDate "2011.06.10"]
[EventType "swiss"]
[EventRounds "7"]
[EventCountry "NED"]
[Source "P.Boonen"]
[SourceDate "2012.01.01"]

1. e4 c6 2. d4 d5 3. exd5 cxd5 4. Bd3 Nc6 5. c3 Qc7 6. Ne2 Bg4 7. O-O e6 8. f3
Bh5 9. Bf4 Bd6 10. Qd2 Nge7 11. Na3 a6 12. Nc2 Bg6 13. Bxd6 Qxd6 14. Ne3 Bxd3
15. Qxd3 O-O 16. Rae1 Rac8 17. f4 Na5 18. Ng3 f5 19. Qe2 g6 20. Nd1 Rf6 21. Nf2
b5 22. Nd3 Nb7 23. Rf3 Nc6 24. Re3 Ncd8 25. Nf1 Rf7 26. Nd2 a5 27. Ne5 Rg7 28.
Qxb5 Re7 29. Ndf3 Nc6 30. Ng5 Nbd8 31. Nd3 h6 32. Nf3 Rb8 33. Qa4 Rbb7 34. Qc2
Qb8 35. Nfe5 Nxe5 36. Rxe5 Kf7 37. Qe2 a4 38. Nb4 Qd6 39. Nd3 Nc6 40. Re3 Kf6
41. Nc5 Nd8 42. Nxb7 Rxb7 43. Rf3 Qb6 44. Qe5+ Kf7 45. Rf2 Kg8 46. Qf6 Kh7 47.
Rfe2 Rf7 48. Qe5 h5 49. Qe3 Re7 50. Qd2 Nb7 51. Re5 Qd6 52. Qe2 Nd8 53. g3 Kg7
54. Qc2 Qc6 55. Qg2 Kf7 56. Qf3 Qb5 57. Qe2 Qd7 58. b3 axb3 59. axb3 Nc6 60.
Re3 Na5 61. Qa2 Qb5 62. b4 Nc4 63. R3e2 Nd6 64. Qa8 Ne4 65. Re3 Re8 66. Qa3 Re7
67. Ra1 Qc4 68. Qa6 Qb3 69. Qa2 Qxa2 70. Rxa2 Rc7 71. Ra3 Nd6 72. Ra5 Nc4
1/2-1/2

[Event "ENCI Limburg-open B"]
[Site "Maastricht"]
[Date "2011.06.10"]
[Round "1"]
[White "Cromsigt, Jeroen"]
[Black "Roelofs, Iris"]
[Result "1-0"]
[WhiteElo "1902"]
[BlackElo "1762"]
[PlyCount "43"]
[EventDate "2011.06.10"]
[EventType "swiss"]
[EventRounds "7"]
[EventCountry "NED"]
[Source "P.Boonen"]
[SourceDate "2012.01.01"]

1. e4 c5 2. Nc3 d6 3. Nf3 Nc6 4. d4 cxd4 5. Nxd4 Nf6 6. Bg5 Qb6 7. Nb3 Ng4 8.
Bh4 g6 9. h3 Nge5 10. Nd5 Qd8 11. f4 Nd7 12. Qd2 Bg7 13. O-O-O a6 14. g4 Nb6
15. Be2 Na4 16. c3 b5 17. f5 Bb7 18. Rhf1 b4 19. f6 bxc3 20. bxc3 Bf8 21. fxe7
Bxe7 22. Bxe7 1-0

[Event "ENCI Limburg-open B"]
[Site "Maastricht"]
[Date "2011.06.10"]
[Round "1"]
[White "De Bruin, Joost"]
[Black "Gunther, Marcella"]
[Result "1/2-1/2"]
[WhiteElo "1778"]
[BlackElo "1904"]
[PlyCount "117"]
[EventDate "2011.06.10"]
[EventType "swiss"]
[EventRounds "7"]
[EventCountry "NED"]
[Source "P.Boonen"]
[SourceDate "2012.01.01"]

1. e4 c5 2. Nc3 a6 3. a4 d6 4. f4 g6 5. Nf3 Bg7 6. Bc4 e6 7. O-O Ne7 8. Qe1 O-O
9. d3 Nbc6 10. f5 d5 11. Bb3 c4 12. dxc4 dxe4 13. f6 Bxf6 14. Nxe4 Bg7 15. Bg5
f6 16. Rd1 Qc7 17. Bd2 Nf5 18. Bc3 Kh8 19. g4 Nh6 20. Qh4 Qf4 21. g5 Qe3+ 22.
Qf2 Qxe4 23. gxh6 Bxh6 24. Rfe1 Qg4+ 25. Kh1 e5 26. c5 e4 27. Ng1 Bf5 28. Rd6
Bg5 29. Qg3 Qxg3 30. hxg3 Ne5 31. Rd5 Nf3 32. Nxf3 exf3 33. Kg1 Rae8 34. Rxe8
Rxe8 35. g4 Be3+ 36. Kf1 Be6 37. Bxf6+ Kg8 38. Re5 Kf7 39. Rxe3 Kxf6 40. Rxe6+
Rxe6 41. Bxe6 Kxe6 42. Kf2 h5 43. Kxf3 Kd5 44. b4 Kc4 45. c3 a5 46. c6 bxc6 47.
bxa5 Kc5 48. gxh5 gxh5 49. Kg3 Kd6 50. Kh4 Kc7 51. Kxh5 Kb7 52. Kg5 Ka6 53. Kf5
Kxa5 54. Ke6 Kxa4 55. Kd6 Kb5 56. c4+ Kb6 57. Kd7 Kc5 58. Kc7 Kxc4 59. Kxc6
1/2-1/2

[Event "ENCI Limburg-open B"]
[Site "Maastricht"]
[Date "2011.06.10"]
[Round "1"]
[White "De Niet, Shotaro"]
[Black "Geboers, Jimmy"]
[Result "1-0"]
[WhiteElo "1792"]
[BlackElo "1927"]
[PlyCount "131"]
[EventDate "2011.06.10"]
[EventType "swiss"]
[EventRounds "7"]
[EventCountry "NED"]
[Source "P.Boonen"]
[SourceDate "2012.01.01"]

1. e4 e6 2. Qe2 d5 3. exd5 Qxd5 4. Nc3 Qa5 5. Nf3 Nf6 6. g3 Bb4 7. Bg2 c6 8.
O-O O-O 9. Ne4 Nbd7 10. c3 Be7 11. d4 Nxe4 12. Qxe4 Nf6 13. Qc2 Qc7 14. b3 b6
15. Bb2 Bb7 16. Rad1 Rfd8 17. c4 c5 18. dxc5 Qxc5 19. Rxd8+ Rxd8 20. Rd1 Rxd1+
21. Qxd1 Ng4 22. Nd4 Qh5 23. h3 Bxg2 24. Qxg4 Qxg4 25. hxg4 Bb7 26. f4 Bd6 27.
Kf2 Be4 28. Nb5 Bc5+ 29. Bd4 Bb1 30. Bxc5 bxc5 31. Nc3 Bg6 32. Na4 Bb1 33. a3
Kf8 34. Nxc5 Ke7 35. Ke3 f6 36. Kd4 Bc2 37. b4 g5 38. fxg5 fxg5 39. Ke5 Bd1 40.
Nxe6 h6 41. Nd4 Bxg4 42. Nf5+ Kd7 43. Nxh6 Be2 44. Nf7 Bxc4 45. Nxg5 Kc6 46.
Ne4 a5 47. Kd4 Bg8 48. Nc3 axb4 49. axb4 Kd6 50. Ke3 Ke6 51. Kf4 Bh7 52. g4 Bc2
53. g5 Bd3 54. Nd1 Kd6 55. Ne3 Bg6 56. Nf5+ Ke6 57. Nh4 Bd3 58. Ke3 Bb5 59. Kd4
Bc6 60. Kc5 Ba8 61. Kb6 Ke5 62. Kc7 Kf4 63. g6 Kg4 64. b5 Kxh4 65. b6 Kg5 66.
g7 1-0

[Event "ENCI Limburg-open B"]
[Site "Maastricht"]
[Date "2011.06.10"]
[Round "1"]
[White "Esser, Thomas"]
[Black "Alvarez Carbajales, Fermin"]
[Result "1-0"]
[WhiteElo "1782"]
[BlackElo "1918"]
[PlyCount "80"]
[EventDate "2011.06.10"]
[EventType "swiss"]
[EventRounds "7"]
[EventCountry "NED"]
[Source "P.Boonen"]
[SourceDate "2012.01.01"]

1. e4 Nf6 2. e5 Nd5 3. d4 d6 4. c4 Nb6 5. exd6 cxd6 6. Nc3 g6 7. h3 Bg7 8. Nf3
Nc6 9. Be2 O-O 10. O-O a6 11. Be3 Nd7 12. Rc1 Nf6 13. a3 Bf5 14. d5 Ne5 15.
Nxe5 dxe5 16. b4 Qc7 17. c5 Rad8 18. Qb3 h5 19. Rfd1 Ne4 20. Nxe4 Bxe4 21. a4
Qd7 22. c6 Bxd5 23. cxd7 Bxb3 24. Bb6 Bxd1 25. Bxd8 Bf6 26. Bb6 Bxe2 27. d8=Q
Rxd8 28. Bxd8 e4 29. Rc7 b5 30. Bxe7 Bxe7 31. Rxe7 bxa4 32. Rxe4 Bb5 33. Re3
Kg7 34. h4 Kf6 35. Kh2 Kf5 36. Kg3 Bc4 37. Rc3 Bb5 38. Kf3 Bf1 39. g3 Ke5 40.
Ke3 Kd5 1-0

[Event "ENCI Limburg-open B"]
[Site "Maastricht"]
[Date "2011.06.10"]
[Round "1"]
[White "Gendarme, Pierre"]
[Black "Moog, Gerhard"]
[Result "1/2-1/2"]
[WhiteElo "1821"]
[BlackElo "1944"]
[PlyCount "73"]
[EventDate "2011.06.10"]
[EventType "swiss"]
[EventRounds "7"]
[EventCountry "NED"]
[Source "P.Boonen"]
[SourceDate "2012.01.01"]

1. d4 d5 2. c4 c6 3. cxd5 cxd5 4. Nc3 Nf6 5. Bf4 e6 6. Nf3 Bd6 7. Bxd6 Qxd6 8.
e3 O-O 9. Bd3 Bd7 10. O-O a6 11. Rc1 Nc6 12. Na4 Nb4 13. Bb1 Rac8 14. Nc3 b5
15. Ne5 g6 16. Qd2 Rc7 17. g4 Rfc8 18. f4 Nc6 19. Qg2 Be8 20. Nd3 b4 21. Ne2
Ne4 22. Ng3 Nxg3 23. hxg3 f6 24. g5 Na5 25. Nc5 Qb6 26. Rce1 Nb7 27. Nb3 Ba4
28. Na1 Nd6 29. Bd3 Bb5 30. Qe2 Bc4 31. Kg2 Bxd3 32. Qxd3 a5 33. Re2 Nc4 34.
Nb3 a4 35. Nd2 Nxd2 36. Rxd2 Qc6 37. Kf3 {.....} 1/2-1/2

[Event "ENCI Limburg-open B"]
[Site "Maastricht"]
[Date "2011.06.10"]
[Round "1"]
[White "Henrotte, Nils"]
[Black "Gerritsen, Diederik"]
[Result "1-0"]
[WhiteElo "1963"]
[BlackElo "1840"]
[PlyCount "111"]
[EventDate "2011.06.10"]
[EventType "swiss"]
[EventRounds "7"]
[EventCountry "NED"]
[Source "P.Boonen"]
[SourceDate "2012.01.01"]

1. d4 Nf6 2. c3 d5 3. Bf4 c5 4. e3 Nc6 5. Nf3 Bg4 6. Nbd2 e6 7. Qa4 Bxf3 8.
Nxf3 Qb6 9. Qb3 Be7 10. Qxb6 axb6 11. Bc7 Bd8 12. Bxd8 Kxd8 13. Bb5 Ke7 14. a3
Na5 15. Nd2 c4 16. Ba4 Rhc8 17. Bc2 b5 18. O-O Nc6 19. Rfe1 Ra7 20. e4 Rca8 21.
Rab1 Rc8 22. e5 Nd7 23. f4 g6 24. Re3 Raa8 25. Kf2 Rg8 26. Rg1 Rg7 27. g4 Rag8
28. Nf3 f6 29. exf6+ Kxf6 30. Rge1 Nd8 31. h4 Re8 32. Ne5 Nxe5 33. g5+ Kf7 34.
fxe5 Ke7 35. Rf3 Rf7 36. Rf6 Ref8 37. Ke3 Nc6 38. Ref1 Nb8 39. a4 Nd7 40. Rxf7+
Rxf7 41. Rxf7+ Kxf7 42. axb5 b6 43. b3 cxb3 44. Bxb3 Nf8 45. c4 dxc4 46. Bxc4
Ke7 47. Ke4 Nd7 48. d5 Nc5+ 49. Kd4 exd5 50. Kxd5 Kd7 51. Bf1 Na4 52. Bh3+ Ke8
53. Kc6 Kf7 54. Kd6 Nc5 55. e6+ Ke8 56. Bg2 1-0

[Event "ENCI Limburg-open B"]
[Site "Maastricht"]
[Date "2011.06.10"]
[Round "1"]
[White "Hoelting, Siegfried"]
[Black "Van Trijp, Robin"]
[Result "0-1"]
[WhiteElo "1943"]
[BlackElo "1818"]
[PlyCount "72"]
[EventDate "2011.06.10"]
[EventType "swiss"]
[EventRounds "7"]
[EventCountry "NED"]
[Source "P.Boonen"]
[SourceDate "2012.01.01"]

1. e4 e6 2. d4 d5 3. e5 c5 4. c3 Nc6 5. Nf3 Qb6 6. a3 cxd4 7. cxd4 Bd7 8. Be2
Nge7 9. Nc3 Ng6 10. O-O f6 11. exf6 gxf6 12. Re1 Bd6 13. Bd3 Kf7 14. Na4 Qc7
15. Nc5 Rag8 16. Nxd7 Qxd7 17. g3 h5 18. Bxg6+ Rxg6 19. Nh4 Rg4 20. Be3 Rhg8
21. Kh1 e5 22. dxe5 Bxe5 23. Qc2 Rxh4 24. gxh4 Qg4 25. Qh7+ Rg7 26. Qxg7+ Qxg7
27. Rg1 Qh7 28. f3 d4 29. Bd2 Qd3 30. Rg2 Qxf3 31. Kg1 d3 32. Rf1 Bd4+ 33. Rgf2
Ne5 34. Bc3 Bxf2+ 35. Rxf2 Qg4+ 36. Kf1 Ke6 0-1

[Event "ENCI Limburg-open B"]
[Site "Maastricht"]
[Date "2011.06.10"]
[Round "1"]
[White "Hogerhorst, Tony"]
[Black "Lafosse, Jimmy"]
[Result "1-0"]
[WhiteElo "1865"]
[BlackElo "2037"]
[PlyCount "55"]
[EventDate "2011.06.10"]
[EventType "swiss"]
[EventRounds "7"]
[EventCountry "NED"]
[Source "P.Boonen"]
[SourceDate "2012.01.01"]

1. c4 Nf6 2. Nc3 e6 3. e4 d5 4. cxd5 exd5 5. e5 Nfd7 6. Nf3 Nb6 7. d4 Be7 8.
Be3 O-O 9. Bd3 Nc6 10. O-O Nb4 11. Be2 Bf5 12. Ne1 a5 13. a3 Nc6 14. f4 f6 15.
Nf3 a4 16. Bb5 Na5 17. Qe2 Nb3 18. Rad1 c6 19. Bd3 Bxd3 20. Rxd3 Na5 21. Kh1
Nac4 22. Bc1 Qd7 23. e6 Qc7 24. f5 g5 25. fxg6 hxg6 26. Nh4 Bd6 27. Nxg6 Qh7
28. Nf4 1-0

[Event "ENCI Limburg-open B"]
[Site "Maastricht"]
[Date "2011.06.10"]
[Round "1"]
[White "Johnen, Franz"]
[Black "Dittmar, Thomas"]
[Result "1-0"]
[WhiteElo "1842"]
[BlackElo "1974"]
[PlyCount "87"]
[EventDate "2011.06.10"]
[EventType "swiss"]
[EventRounds "7"]
[EventCountry "NED"]
[Source "P.Boonen"]
[SourceDate "2012.01.01"]

1. d4 Nf6 2. c4 c5 3. Nf3 cxd4 4. Nxd4 e5 5. Nf3 e4 6. Nd4 d5 7. e3 Nc6 8. Nc3
Bb4 9. a3 Bxc3+ 10. bxc3 O-O 11. Be2 dxc4 12. Bxc4 Ne5 13. Be2 Qe7 14. O-O Rd8
15. Qc2 a6 16. a4 Be6 17. Ba3 Qe8 18. Rfd1 Rac8 19. Rac1 Bc4 20. Rd2 g6 21.
Rcd1 Bd3 22. Qb3 Nd5 23. Bb4 Nc4 24. Ra2 a5 25. Bxd3 exd3 26. Ba3 Nxa3 27. Rxa3
Rxc3 28. Qb2 Rxa3 29. Qxa3 Nxe3 30. Rxd3 Nf5 31. Nf3 Rxd3 32. Qxd3 Qxa4 33. g3
Qb4 34. Qd8+ Kg7 35. Qe8 Qe7 36. Qb5 Qc7 37. Qb2+ Kg8 38. g4 Ne7 39. h4 b6 40.
Qe2 Qf4 41. Ng5 Nd5 42. Qe8+ Kg7 43. Qd7 Nc3 44. Ne6+ 1-0

[Event "ENCI Limburg-open B"]
[Site "Maastricht"]
[Date "2011.06.10"]
[Round "1"]
[White "Koelmans, Jan Willem"]
[Black "Coenen, Bert"]
[Result "1/2-1/2"]
[WhiteElo "2023"]
[BlackElo "1856"]
[PlyCount "58"]
[EventDate "2011.06.10"]
[EventType "swiss"]
[EventRounds "7"]
[EventCountry "NED"]
[Source "P.Boonen"]
[SourceDate "2012.01.01"]

1. d4 Nf6 2. c4 e6 3. Nf3 b6 4. Nc3 Bb7 5. Bg5 Be7 6. e3 h6 7. Bf4 d6 8. h3 a6
9. Bd3 c5 10. O-O cxd4 11. exd4 Nbd7 12. Rc1 O-O 13. Re1 Re8 14. Bb1 Rc8 15.
Qd3 Qc7 16. b3 Qb8 17. Bd2 Qa8 18. Re3 Bf8 19. Nh4 g5 20. Rg3 Bg7 21. Bxg5 hxg5
22. Rxg5 Kf8 23. Re1 Bh6 24. Qg3 Qb8 25. Bg6 Bxg5 26. Qxg5 Kg7 27. Nf5+ exf5
28. Bxf5+ Kf8 29. Qh6+ Kg8 1/2-1/2

[Event "ENCI Limburg-open B"]
[Site "Maastricht"]
[Date "2011.06.10"]
[Round "1"]
[White "Kuryliw, Ray"]
[Black "Aben, Paul"]
[Result "0-1"]
[WhiteElo "1831"]
[BlackElo "1949"]
[PlyCount "88"]
[EventDate "2011.06.10"]
[EventType "swiss"]
[EventRounds "7"]
[EventCountry "NED"]
[Source "P.Boonen"]
[SourceDate "2012.01.01"]

1. f4 c5 2. Nf3 d5 3. e3 g6 4. d3 Bg7 5. Nbd2 Nc6 6. Be2 Nf6 7. Ne5 Qc7 8. Ndf3
Nd7 9. Nxc6 Qxc6 10. c3 O-O 11. Qc2 b6 12. O-O Qc7 13. d4 Nf6 14. Ne5 Bf5 15.
Qa4 h5 16. Bd2 Ne4 17. Rad1 a6 18. Qb3 c4 19. Qa3 b5 20. Nf3 a5 21. b3 Rfb8 22.
bxc4 dxc4 23. Rc1 Nd6 24. Ne5 Bxe5 25. fxe5 Ne4 26. Be1 Be6 27. Bf3 Bd5 28.
Bxe4 Bxe4 29. Bh4 b4 30. Qb2 Rb7 31. Qf2 Rf8 32. Qf4 Qc6 33. g4 hxg4 34. Qxg4
b3 35. axb3 cxb3 36. c4 b2 37. d5 Bxd5 38. Rcd1 Qxc4 39. Rf4 Qc2 40. Rfd4 b1=Q
41. Rxd5 Qba2 42. Qg3 Rb1 43. Qf3 Rxd1+ 44. Rxd1 Qxh2+ 0-1

[Event "ENCI Limburg-open B"]
[Site "Maastricht"]
[Date "2011.06.10"]
[Round "1"]
[White "Leentjens, Gilbert"]
[Black "Loose, Rob"]
[Result "1-0"]
[WhiteElo "1848"]
[BlackElo "1981"]
[PlyCount "61"]
[EventDate "2011.06.10"]
[EventType "swiss"]
[EventRounds "7"]
[EventCountry "NED"]
[Source "P.Boonen"]
[SourceDate "2012.01.01"]

1. e4 e5 2. Nc3 Nf6 3. f4 d5 4. fxe5 Nxe4 5. Nf3 Be7 6. Qe2 Nxc3 7. dxc3 O-O 8.
Bf4 c5 9. O-O-O Nc6 10. h4 Be6 11. g3 Qd7 12. Bg2 Rac8 13. Ng5 d4 14. Kb1 Rfd8
15. Nxe6 fxe6 16. Be4 Bf8 17. Qh5 g6 18. Qg4 Kh8 19. h5 gxh5 20. Rxh5 Rc7 21.
Rdh1 dxc3 22. Qg6 Qd1+ 23. Rxd1 Rxd1+ 24. Bc1 Rdd7 25. Qf6+ Bg7 26. Rxh7+ Kg8
27. Qxe6+ Kf8 28. Bd5 Rf7 29. Qd6+ Rfe7 30. Rxg7 Kxg7 31. Qf6+ 1-0

[Event "ENCI Limburg-open B"]
[Site "Maastricht"]
[Date "2011.06.10"]
[Round "1"]
[White "Lemmen, Raoul"]
[Black "Holwijn, Melvin"]
[Result "0-1"]
[WhiteElo "1855"]
[BlackElo "2009"]
[PlyCount "62"]
[EventDate "2011.06.10"]
[EventType "swiss"]
[EventRounds "7"]
[EventCountry "NED"]
[Source "P.Boonen"]
[SourceDate "2012.01.01"]

1. d4 d5 2. c4 c6 3. Nf3 Nf6 4. Nc3 dxc4 5. a4 Bf5 6. Bg5 Nbd7 7. e3 Qb6 8. Qc1
Ne4 9. Bxc4 e6 10. Bh4 Bb4 11. Nd2 Qa5 12. Ndxe4 Bxe4 13. O-O Bg6 14. e4 O-O
15. Bd3 e5 16. Ne2 exd4 17. f4 Nc5 18. Qc2 Nxd3 19. Qxd3 f6 20. f5 Bf7 21. Kh1
c5 22. Nf4 Qc7 23. g4 h6 24. Nh3 Qd7 25. Rg1 c4 26. Qe2 Rae8 27. Nf2 Bc5 28.
Qd2 d3 29. Bxf6 Bd5 30. exd5 Qxd5+ 31. Rg2 Re2 0-1

[Event "ENCI Limburg-open B"]
[Site "Maastricht"]
[Date "2011.06.10"]
[Round "1"]
[White "Lentjes, Noud"]
[Black "Tsiros, Fragkiskos Vlasios"]
[Result "1-0"]
[WhiteElo "1869"]
[BlackElo "1708"]
[PlyCount "81"]
[EventDate "2011.06.10"]
[EventType "swiss"]
[EventRounds "7"]
[EventCountry "NED"]
[Source "P.Boonen"]
[SourceDate "2012.01.01"]

1. e4 c5 2. Nf3 d6 3. d4 cxd4 4. Nxd4 Nf6 5. Nc3 a6 6. Bg5 Nbd7 7. Qd2 e6 8.
Be2 Be7 9. f4 Qc7 10. O-O-O h6 11. Bxf6 Nxf6 12. Bf3 Rb8 13. g4 Nd7 14. h4 b5
15. g5 b4 16. Nce2 Nc5 17. Kb1 Na4 18. Ka1 Bd7 19. Rdg1 e5 20. Nf5 g6 21. Nxe7
Kxe7 22. gxh6 Qa5 23. f5 Nxb2 24. Kxb2 Qa3+ 25. Ka1 Qxf3 26. fxg6 fxg6 27. Qg5+
Qf6 28. Qxg6 Rxh6 29. Qg3 Bc6 30. Qe3 Rbh8 31. Ng3 Bd7 32. h5 Rc8 33. Rf1 Qg7
34. Nf5+ Bxf5 35. Rxf5 Rc5 36. Rg1 Qh7 37. Qe2 Rc6 38. Rfg5 Kf7 39. Qg4 Ke8 40.
Rg8+ Ke7 41. Rg7+ 1-0

[Event "ENCI Limburg-open B"]
[Site "Maastricht"]
[Date "2011.06.10"]
[Round "1"]
[White "Maassen van den Brink, Koen"]
[Black "Jansen, Michiel"]
[Result "1/2-1/2"]
[WhiteElo "1982"]
[BlackElo "1849"]
[PlyCount "111"]
[EventDate "2011.06.10"]
[EventType "swiss"]
[EventRounds "7"]
[EventCountry "NED"]
[Source "P.Boonen"]
[SourceDate "2012.01.01"]

1. d4 d6 2. g3 Nf6 3. Nf3 c6 4. Bg2 Nbd7 5. O-O e5 6. dxe5 dxe5 7. b3 Qc7 8.
Bb2 Be7 9. e3 O-O 10. Nbd2 Re8 11. Nc4 Bf8 12. a4 e4 13. Nd4 Ne5 14. Nxe5 Qxe5
15. Rb1 Bg4 16. Qd2 Qh5 17. f4 exf3 18. Bxf3 Rad8 19. Qf2 Bxf3 20. Qxf3 Ng4 21.
Rf2 Rxe3 22. Qf5 Qxf5 23. Rxf5 g6 24. Rf3 Bc5 25. Rxe3 Nxe3 26. c3 Bb6 27. Kh1
c5 28. Nf3 Rd1+ 29. Rxd1 Nxd1 30. Ba1 Ba5 31. c4 Bc3 32. Bxc3 Nxc3 33. Kg2 f6
34. Nd2 Kf7 35. Kf3 f5 36. Ke3 Kf6 37. Nf3 Ne4 38. a5 Ng5 39. Ne1 Ke5 40. Nd3+
Kd6 41. Ne1 Nf7 42. Kf4 h6 43. h4 Nd8 44. Nf3 Nc6 45. h5 gxh5 46. Kxf5 Nxa5 47.
Nd2 Nc6 48. Ne4+ Ke7 49. Nxc5 Nd4+ 50. Ke4 Ne2 51. Kf3 Nc1 52. b4 b6 53. Na4
Nd3 54. c5 Nxb4 55. cxb6 axb6 56. Nxb6 1/2-1/2

[Event "ENCI Limburg-open B"]
[Site "Maastricht"]
[Date "2011.06.10"]
[Round "1"]
[White "Marinc, Damir"]
[Black "Sanen, Erwin"]
[Result "1-0"]
[WhiteElo "2049"]
[BlackElo "1867"]
[PlyCount "103"]
[EventDate "2011.06.10"]
[EventType "swiss"]
[EventRounds "7"]
[EventCountry "NED"]
[Source "P.Boonen"]
[SourceDate "2012.01.01"]

1. d4 d5 2. Nf3 Nf6 3. Bg5 Nbd7 4. Nbd2 g6 5. e3 Bg7 6. c4 c6 7. Bd3 O-O 8. O-O
Re8 9. cxd5 cxd5 10. Qc2 e5 11. dxe5 Nxe5 12. Nxe5 Rxe5 13. Nf3 Re7 14. Qa4 Rc7
15. Qf4 Be6 16. Rad1 Rd7 17. Bb5 Rd6 18. e4 Nh5 19. Bxd8 Nxf4 20. Bc7 Rb6 21.
Bxb6 axb6 22. exd5 Bxd5 23. a4 Bxb2 24. Rd2 Bc3 25. Rc2 Bb4 26. Rfc1 Bc5 27.
Rd2 Kf8 28. Rcd1 Nh3+ 29. Kf1 Bxf3 30. gxf3 Ng5 31. Rd8+ Rxd8 32. Rxd8+ Ke7 33.
Rd7+ Kf6 34. Bc4 Ne6 35. Rxb7 Nd8 36. Rc7 Be7 37. Kg2 h6 38. Rc8 Ke5 39. Rb8
Kd4 40. Bxf7 Nxf7 41. Rb7 Bc5 42. Rxf7 Ke5 43. f4+ Ke6 44. Rh7 h5 45. Kf3 Bd4
46. Rc7 Kd6 47. Rc8 Ke6 48. Rc6+ Kf7 49. Rc4 Bf6 50. Ke4 Bh4 51. Rc2 Bf6 52.
Rc6 1-0

[Event "ENCI Limburg-open B"]
[Site "Maastricht"]
[Date "2011.06.10"]
[Round "1"]
[White "Maurissen, Wim"]
[Black "Heijenrath, Jan"]
[Result "0-1"]
[WhiteElo "1906"]
[BlackElo "1782"]
[PlyCount "92"]
[EventDate "2011.06.10"]
[EventType "swiss"]
[EventRounds "7"]
[EventCountry "NED"]
[Source "P.Boonen"]
[SourceDate "2012.01.01"]

1. d4 Nf6 2. Bg5 d5 3. Bxf6 exf6 4. e3 Bb4+ 5. c3 Bd6 6. Bd3 c6 7. Nd2 Nd7 8.
Ngf3 O-O 9. O-O Re8 10. c4 dxc4 11. Nxc4 Bc7 12. Qc2 Nf8 13. Bf5 g6 14. Bxc8
Rxc8 15. Rfd1 Qd5 16. Ncd2 f5 17. g3 Nd7 18. Qc4 Nf6 19. Rac1 Qxc4 20. Nxc4 Nd5
21. a3 f6 22. Ncd2 Re7 23. Nb3 Bd6 24. Nc5 Rce8 25. Nd2 Kf7 26. Nc4 Bxc5 27.
dxc5 Rd8 28. b4 Red7 29. Nd6+ Ke7 30. b5 Nc7 31. bxc6 bxc6 32. Rd4 Ne6 33. Ra4
Nxc5 34. Rxc5 Kxd6 35. Rca5 Ra8 36. Kg2 Rc7 37. Rd4+ Ke6 38. Rc4 Rac8 39. Rca4
c5 40. Rxa7 Rxa7 41. Rxa7 c4 42. Rb7 c3 43. Rb1 Kd5 44. Kf3 Kc4 45. Ke2 c2 46.
Rb4+ Kc3 0-1

[Event "ENCI Limburg-open B"]
[Site "Maastricht"]
[Date "2011.06.10"]
[Round "1"]
[White "Meyes, Richard"]
[Black "Klein, Gernot"]
[Result "0-1"]
[WhiteElo "1749"]
[BlackElo "1899"]
[PlyCount "80"]
[EventDate "2011.06.10"]
[EventType "swiss"]
[EventRounds "7"]
[EventCountry "NED"]
[Source "P.Boonen"]
[SourceDate "2012.01.01"]

1. e4 c5 2. Nf3 e6 3. d4 cxd4 4. Nxd4 a6 5. Nc3 b5 6. Bd3 Bb7 7. O-O Nc6 8.
Nxc6 Bxc6 9. Be3 Nf6 10. e5 b4 11. Nb1 Nd5 12. Bd4 Nf4 13. Qg4 Nxg2 14. Be4
Bxe4 15. Qxe4 Nh4 16. Nd2 Rc8 17. Kh1 Nf5 18. Rac1 g6 19. Qd3 Bh6 20. Be3 Nxe3
21. fxe3 O-O 22. Ne4 Qa5 23. Nf6+ Kh8 24. Nxd7 Rcd8 25. Rcd1 Qc7 26. e4 Bg7 27.
Qd4 Qxc2 28. Qxb4 Rfe8 29. Rd2 Qc6 30. Rfd1 a5 31. Rd6 axb4 32. Rxc6 Bxe5 33.
Rb6 Re7 34. Rb7 Bxb2 35. Rxb4 Rexd7 36. Rxd7 Rxd7 37. Rxb2 Rd4 38. e5 Re4 39.
Rb5 Re1+ 40. Kg2 Re2+ 0-1

[Event "ENCI Limburg-open B"]
[Site "Maastricht"]
[Date "2011.06.10"]
[Round "1"]
[White "Olmos Sanz, Francisco J"]
[Black "Modder, Frank"]
[Result "0-1"]
[WhiteElo "1761"]
[BlackElo "1901"]
[PlyCount "94"]
[EventDate "2011.06.10"]
[EventType "swiss"]
[EventRounds "7"]
[EventCountry "NED"]
[Source "P.Boonen"]
[SourceDate "2012.01.01"]

1. c4 c6 2. Nf3 d5 3. d4 Nf6 4. e3 Bg4 5. Nbd2 e6 6. Be2 Bd6 7. Qc2 O-O 8. O-O
Nbd7 9. e4 dxe4 10. Nxe4 Nxe4 11. Qxe4 Nf6 12. Qc2 Qc7 13. h3 Bf5 14. Bd3 Bxd3
15. Qxd3 h6 16. Be3 Rfd8 17. Qc2 Rac8 18. Rac1 Bf4 19. b4 b6 20. Ne5 Bxe5 21.
dxe5 Qxe5 22. Rce1 Qc7 23. Rd1 Rxd1 24. Rxd1 Rd8 25. a4 Rxd1+ 26. Qxd1 Qd7 27.
Qxd7 Nxd7 28. f4 Kf8 29. g4 Ke7 30. h4 e5 31. Kf2 exf4 32. Bxf4 Ke6 33. b5 cxb5
34. cxb5 Kd5 35. Bc7 Kc4 36. a5 bxa5 37. Bxa5 Kxb5 38. Bc3 f6 39. g5 hxg5 40.
hxg5 a5 41. Ke3 a4 42. Ke4 Kc4 43. Ba1 a3 44. Kf5 a2 45. Kg6 fxg5 46. Kxg5 Nc5
47. Bxg7 Ne6+ 0-1

[Event "ENCI Limburg-open B"]
[Site "Maastricht"]
[Date "2011.06.10"]
[Round "1"]
[White "Orbons, Richard"]
[Black "Mollema, Thomas"]
[Result "0-1"]
[WhiteElo "1723"]
[BlackElo "1884"]
[PlyCount "48"]
[EventDate "2011.06.10"]
[EventType "swiss"]
[EventRounds "7"]
[EventCountry "NED"]
[Source "P.Boonen"]
[SourceDate "2012.01.01"]

1. Nf3 f5 2. c4 g6 3. g3 d6 4. Bg2 Bg7 5. O-O Nf6 6. d3 e5 7. Nc3 O-O 8. Bd2 c6
9. Rc1 Na6 10. a3 Be6 11. b4 Rc8 12. c5 dxc5 13. b5 cxb5 14. Nxb5 e4 15. dxe4
Nxe4 16. Nxa7 Ra8 17. Nb5 Nc7 18. Nc3 Nxd2 19. Nxd2 Rxa3 20. Ncb1 Ra5 21. Bxb7
f4 22. Ne4 Qb8 23. Nxc5 Rxc5 24. Rxc5 Qxb7 0-1

[Event "ENCI Limburg-open B"]
[Site "Maastricht"]
[Date "2011.06.10"]
[Round "1"]
[White "Pijlman, Rene"]
[Black "Frijns, Raoul"]
[Result "0-1"]
[WhiteElo "1929"]
[BlackElo "1809"]
[PlyCount "60"]
[EventDate "2011.06.10"]
[EventType "swiss"]
[EventRounds "7"]
[EventCountry "NED"]
[Source "P.Boonen"]
[SourceDate "2012.01.01"]

1. e4 c5 2. Nc3 Nc6 3. f4 d6 4. Nf3 Nf6 5. Bb5 Bd7 6. d3 a6 7. Bc4 b5 8. Bb3 g6
9. O-O Bg7 10. Qe1 e6 11. Kh1 O-O 12. Qh4 Nh5 13. Qh3 Nd4 14. g4 Nf6 15. f5
exf5 16. gxf5 gxf5 17. Bh6 Nxf3 18. Bxg7 Kxg7 19. Qxf3 Kh8 20. Rae1 Qc7 21. Ne2
c4 22. dxc4 Nxe4 23. cxb5 Nd2 24. Qd3 Nxf1 25. Qd4+ f6 26. Rxf1 Bxb5 27. Rf2
Rae8 28. Nf4 Re1+ 29. Kg2 Qg7+ 30. Kf3 Qg4# 0-1